| 000 | 00481nam a22001817a 4500 | ||
|---|---|---|---|
| 008 | 150925b xxu||||| |||| 00| 0 eng d | ||
| 020 | _a 9781133626701 | ||
| 020 | _a113362670X | ||
| 041 | 0 | _aeng | |
| 080 | _a658 | ||
| 245 | 0 | 0 |
_aManagement / _cRanjay Gulati; Anthony J. Mayo; Nitin Nohria; |
| 250 | _aPreliminary Edition | ||
| 260 |
_a USA: _bSouth-Western Pub _c2012. |
||
| 300 |
_a607 f.: _bme il.; _c26 cm. |
||
| 650 | 0 | _aMenaxhim | |
| 650 | 0 | _aOrganizim | |
| 942 |
_2udc _cBK |
||
| 999 |
_c1178 _d1178 |
||